Assessment of farmers' knowlage and experiences in crop protection, case study in villages along steung sen river, kampong thom province ការវាយតំលៃចំណេះដឹងនិងបទពិសោធន៏របស់កសិករក្នុងការដំណាំ ករណីសិក្សានៅក្នុងភូមិតាមដងស្ទឹងសែន ខេត្តកំពង់ធំ (Record no. 441)
[ view plain ]
| 000 -LEADER | |
|---|---|
| fixed length control field | 00800nam a22001577a 4500 |
| 003 - CONTROL NUMBER IDENTIFIER | |
| control field | OSt |
| 005 - DATE AND TIME OF LATEST TRANSACTION | |
| control field | 20150914150645.0 |
| 008 - FIXED-LENGTH DATA ELEMENTS--GENERAL INFORMATION | |
| fixed length control field | 150914b xxu||||| |||| 00| 0 eng d |
| 040 ## - CATALOGING SOURCE | |
| Transcribing agency | RUA |
| 082 ## - DEWEY DECIMAL CLASSIFICATION NUMBER | |
| Classification number | AGR HEA 2000 B026 Or.1 |
| 100 ## - MAIN ENTRY--PERSONAL NAME | |
| 9 (RLIN) | 462 |
| Personal name | HEANG, KHAYLAY |
| 245 ## - TITLE STATEMENT | |
| Title | Assessment of farmers' knowlage and experiences in crop protection, case study in villages along steung sen river, kampong thom province ការវាយតំលៃចំណេះដឹងនិងបទពិសោធន៏របស់កសិករក្នុងការដំណាំ ករណីសិក្សានៅក្នុងភូមិតាមដងស្ទឹងសែន ខេត្តកំពង់ធំ |
| 260 ## - PUBLICATION, DISTRIBUTION, ETC. (IMPRINT) | |
| Place of publication, distribution, etc. | Phnom Penh |
| Name of publisher, distributor, etc. | RUA |
| Date of publication, distribution, etc. | 2000 |
| 300 ## - PHYSICAL DESCRIPTION | |
| Extent | 58p. |
| Other physical details | ill. |
| Dimensions | 29cm. |
| 942 ## - ADDED ENTRY ELEMENTS (KOHA) | |
| Source of classification or shelving scheme | |
| Koha item type | AGR |
| Price effective from | Date last seen | Permanent Location | Not for loan | Date acquired | Source of classification or shelving scheme | Koha item type | Barcode | Lost status | Damaged status | Withdrawn status | Current Location | Full call number |
|---|---|---|---|---|---|---|---|---|---|---|---|---|
| 2015-09-14 | 2015-09-14 | Library Block B | 2015-09-14 | AGR | RUA004080 | Library Block B | AGR HEA 2000 B026 Or.1 | |||||
| 2015-09-14 | 2015-09-14 | Library Block B | 2015-09-14 | AGR | RUA004151 | Library Block B | AGR HEA 2000 B026 Or.2 | |||||
| 2015-09-14 | 2015-09-14 | Library Block B | 2015-09-14 | AGR | RUA004433 | Library Block B | AGR HEA 2000 B026 Or.3 | |||||
| 2015-09-14 | 2015-09-14 | Library Block B | 2015-09-14 | AGR | RUA004223 | Library Block B | AGR HEA 2000 B026 Or.4 | |||||
| 2015-09-14 | 2015-09-14 | Library Block B | 2015-09-14 | AGR | RUA004063 | Library Block B | AGR HEA 2000 B026 Or.5 | |||||
| 2015-09-14 | 2015-09-14 | Library Block B | 2015-09-14 | AGR | RUA004084 | Library Block B | AGR HEA 2000 B026 Or.6 | |||||
| 2015-09-14 | 2015-09-14 | Library Block B | 2015-09-14 | AGR | RUA005047 | Library Block B | AGR HEA 2000 B026 Or.7 | |||||
| 2015-09-14 | 2015-09-14 | Library Block B | 2015-09-14 | AGR | RUA004434 | Library Block B | AGR HEA 2000 B026 Or.8 |